LEADER 02168nam 2200529 a 450 001 996247934203316 005 20230221222435.0 010 $a0-292-78764-2 010 $a0-292-75984-3 024 7 $a2027/heb03635 035 $a(CKB)1000000000396230 035 $a(dli)HEB03635 035 $a(MiAaPQ)EBC4825955 035 $a(MiU)MIU01000000000000005126676 035 $a(EXLCZ)991000000000396230 100 $a19911210d1991 ub 0 101 0 $aeng 135 $aurmnummmmuuuu 200 14$aThe Huarochiri? manuscript$b[electronic resource] $ea testament of ancient and colonial Andean religion /$ftranslation from the Quechua by Frank Salomon and George L. Urioste ; annotations and introductory essay by Frank Salomon ; transcription by George L. Urioste 210 $aAustin $cUniversity of Texas Press$dc1991 215 $a1 online resource (ix, 273 p. )$cfacsim., map ; 300 $aEnglish and Quechua version of the Manuscrito quechua de Huarochiri?, Colonial era narratives, compiled by Francisco de Avila ca. 1598, now held at the Biblioteca Nacional de Madrid as part of Mss. group 3,169. 311 $a0-292-73052-7 311 $a0-292-73053-5 320 $aIncludes bibliographical references and index. 410 0$aACLS Humanities E-Book. 517 $aHuarochiri Manuscript 531 $aHUAROCHIRI MANUSCRIPT: A TESTAMENT OF ANCIENT AND COLONIAL ANDEAN RELIGION 531 $aTHE HUAROCHIRI MANUSCRIPT 606 $aQuechua Indians$xReligion 606 $aIncas$xReligion 606 $aIndians of South America$zPeru$zHuarochiri? (Province)$xReligion 606 $aQuechua language$vTexts 615 0$aQuechua Indians$xReligion. 615 0$aIncas$xReligion. 615 0$aIndians of South America$xReligion. 615 0$aQuechua language 701 $aSalomon$b Frank$01007249 701 $aUrioste$b Jorge$0259052 701 $aAvila$b Francisco de$fapproximately 1573-1647$0432377 712 02$aAmerican Council of Learned Societies. 801 0$bMiU 801 1$bMiU 906 $aBOOK 912 $a996247934203316 996 $aThe Huarochiri? manuscript$93011353 997 $aUNISA